Longest Rivers in the United States - Statistics

General Stats
  • This quiz has been taken 36 times
  • The average score is 8 of 10
Answer Stats
# Answer % Correct
1 Mississippi
100%
2 Missouri
100%
6 Colorado
97%
4 Rio Grande
93%
5 Arkansas
87%
10 Ohio
87%
8 Columbia
70%
3 Yukon
63%
9 Snake
57%
7 Red River of the South
7%
No matching quizzes found
Score Distribution
Percent of People with Each Score
Percentile by Number Answered
Your Score History
You have not taken this quiz